000 01056nas a2200289 4500
001 BR2015004637
003 BR-BrBNA
005 20231205125656.0
007 ta
008 230509b bl.|||p| |||| 00| 00por d
040 _aBR-BrBNA
_bpor
_cBiblioteca Nacional de Agricultura
041 _a(Pt)
072 _aH10
100 1 _aTrevenzoli, T.
100 1 _aTalamini, V.
100 1 _aFonseca, A.S.
100 1 _aSegeren, M.I.
111 1 _a16° Congresso Brasileiro de Floricultura e Plantas Ornamentais; 3° Congresso Brasileiro de Cultura de Tecidos de Plantas; 1° Simpósio de Plantas Ornamentais Nativas
_cGoiânia, GO (Brazil)
_d10-15 Sep 2007
245 1 _aFungos endofíticos isolados de Zantedeschia sp
650 _aPLANTA ORNAMENTAL
650 _aFLORICULTURA
650 _aCOPO DE LEITE
650 _aCONTROLE BIOLÓGICO
773 0 _tRevista Brasileira de Horticultura Ornamental (Brazil)
_xISSN 1809-6093
_g(Sep 2007), v. 13(Suplemento) p. 158
_wBR2015004637
909 _a202311
_bLúcia
_c55
_dLúcia Elande
942 _2AGRIS
_n0
_cANA
999 _c245516
_d245516